000 05311namaa22004211i 4500
003 OSt
005 20260418132003.0
008 250827s2024 ua a|||frm||| 000 0 eng d
040 _aEG-GICUC
_bara
_cEG-GICUC
_dEG-GICUC
_erda
041 0 _aara
_bara
_beng
049 _aإيداع
082 0 4 _a938.08
092 _a938.08
_221
097 _aمــــاجستير
099 _aCai01.14.04.M.Sc.2024.عي.م
100 0 _a،عيسى صموئيل رومان عطية
_eإعداد.
245 1 2 _aالمؤامرات السياسية في بلاد اليونان خلال العصرين الكلاسيكى والهللينستى /
_cإعداد عيسى صموئيل رومان عطية؛ إشراف أ.د / خالد غريب على احمد، د. ولاء مصطفى محمد.
246 1 5 _aPolitical plots in greece during the classical and hellenistic periods /
264 0 _c2024.
300 _a282 صفحة :
_bإيضاحيات ؛
_c30 سم. +
_eCD.
336 _atext
_2rda content
337 _aUnmediated
_2rdamedia
338 _avolume
_2rdacarrier
502 _aأطروحة (ماجستير)-جامعة القاهرة، 2024.
504 _aببليوجرافيا: صفحات 260-268.
520 _aكان " نظام الحكم الملكي" في العصور الأولى لبلاد اليونان نظاماً سياسياً قائماً في "كريت" ثم انتقل هذا النظام إلى "ميكيني" شمال شرق البلوبونيز وتطور هذا النظام إلى " نظام الحكم الأرستقراطي" ثم إلي "نظام الحكم الأوليجاركي" ثم إلى " الحكم الطوراني" إلى أن وصل إلى "الحكم الديمقراطي". ولقد بدأت المؤامرات في "عصر الطغاة" في آرجوس على يد الطاغية "فيدون" وانتهت في كورنث على يد الطاغية "كوبسيلوس" ثم المؤامرات السياسية في العصر الكلاسيكي بدأت في مدن ساحل آسيه الصغرى على يد "أثينه" عندما حرضت المدن الأيونية على القيام بالثورة ضد الفرس وبرزت بشكل واضح في "أثينه" من خلال الأحداث الهامة في هذا العصر وهي "الحروب الفارسية الإغريقية" و "تكوين حلف ديلوس" و" الحروب البلوبونيزية" .
520 _aIn the early ages of Greece, the "monarchy system" was a military system based in "Crete." Then this system moved to "Mycenae" north-east of the Peloponnese, and this system became the "aristocratic system of government," then to the " Oligarchy system of government," then to "Turanian rule." " until he reached "democratic rule." The plots began in the Era of Tyrants in Argus by the tyrant "Vedon" ended in Corinth by the tyrant Copsellus and then the political conspiracies of the classical era began in the smaller cities of the Aceh coast by "Athens" when Ionian cities instigated a revolution against the Persians and emerged clearly in "Athena" through the important events of this era, the "Persian-Greek Wars" The "Formation of the Delos Alliance" and the " Peloponnese Wars" then appeared Sparta on the stage of Greek politics after its victory over the Athens in the Peloponnese War, but it collapsed at the hands of Taiba, then Macedonian appeared and Taiba was defeated .She was able to subdue the Greek cities by Philip II in the biggest political achievement in history at his hands and was then assassinated to enter a new historical era, the Hellenistic era, which began with Alexander the Great's exit at the helicopter of his military campaigns towa rds the East of 334. The Lesser Asian, Syria, Egypt and the Persian Empire were to be subjected until 323 BC died. After his death, his successors' struggle over the empire resulted in the birth of three kingdoms: "The Macedonian Kingdom of Greece", "The Greeks Kingdom of Syria" and "The Kingdom ofP tolemies in Egypt" by Ptolemy I Sutter and then the plots became a systematic weapon in the era of the Ptolemaic weakness, causing the Romans to enter Egypt's affairs until Egypt became a Roman state after the seventh defeat of Cleopatra and Antonius in the Battle of Actium maritime 30 Bs. The Ptolemaic era ended with Cleopatra's suicide with a living poison and Caesarone's assassination by Octavianus 30 BC. Egypt became a Roman property. Crete - Mikini - Tyrants - Classic - Hellenistic-Ptolemy - As
530 _aصدر أيضًا كقرص مدمج.
546 _aالنص بالعربية والملخص باللغة الإنجليزية والعربية.
650 7 _aالحضارة اليونانية
_2qrmak
653 0 _aكريت
_aميكيني
_aالطغاة
700 0 _aخالد غريب شاهين
_eمشرف أطروحة.
700 0 _aولاء مصطفى محمد
_eمشرف أطروحة.
900 _b03-08-2024
_cخالد غريب شاهين
_cولاء مصطفى محمد
_dمني جبر عبد النبي
_dشهيرة عبد الحميد هاشم
_Uجامعة القاهرة
_Fكلية الآثار
_Dقسم الآثار اليونانية والرومانية
905 _aSara
_eAfaf
942 _2ddc
_cTH
_e21
_n0
999 _c179497